Toast of London - Statistics

General Stats
  • This quiz has been taken 42 times
  • The average score is 10 of 15
Answer Stats
Question Answer % Correct
What is the title character's first name? Steven
100%
Which character says their surname should be pronounced "like Brian Clough"? Jane Plough
89%
Toast experiences stage fright before a televised performance of which Shakespeare play? Macbeth
86%
Toast loses £20,000, to Andrew Lloyd Webber, playing what? Poker
86%
Which U.S. actor does Toast's father unexpectedly bequeath his house to? Jon Hamm
83%
Including the pilot, how many episodes have been made? Nineteen
81%
Which character is played by Tracy-Ann Oberman? Mrs. Purchase
78%
What is the name of the theme song? Take My Hand
72%
Toast ruins which long-running play by accidentally revealing the murderer? The Moose Trap
72%
What is the name of Ray Purchase's albino twin brother? Bill Purchase
69%
Who co-created the series, along with Matt Berry? Arthur Mathews
53%
What is the name of the submarine whose launch Toast attends in the episode Submission? The Penetrator
53%
Toast appears in a mostly canine version of which play, at Shakespeare's Globe? Twelfth Night
33%
Which army rank is held by Toast's brother, Blair? Colonel
31%
Who played Alan, the hypnotist/homeopath,and also Mike, a taxi driver? Alan Ford
14%
No matching quizzes found
Score Distribution
Percent of People with Each Score
Percentile by Number Answered
Your Score History
You have not taken this quiz